| 000 | 00335nam a22001337a 4500 | ||
|---|---|---|---|
| 008 | 171005b xxu||||| |||| 00| 0 eng d | ||
| 020 | _a9780071346825 | ||
| 041 | _aeng | ||
| 080 | _a159.9 | ||
| 100 | _a49 | ||
| 101 | _aPSI | ||
| 245 |
_aCLINICAL PSHYSIOLOGY OF ACID BASE AND ELECTROLYTE DISORDER _cROSE.B.D |
||
| 942 |
_2udc _cBK |
||
| 999 |
_c32078 _d32078 |
||